000
00458nam a2200181Ia 4500
008
090124s9999 xx 000 0 und d
082
_b
26310
_a
6871
100
_a
इनामदार ना.सं.
245
_a
राऊ
250
_a
5
260
_c
1988
300
_a
418
600
_a
इनामदार ना.सं.
630
_a
राऊ
700
_a
इनामदार ना.सं.
730
_a
राऊ
942
_c
BOOK
999
_c
139786
_d
139786